|
|
|
|
| LEADER |
00816nam a2200265 4500 |
| 001 |
DLU120132024 |
| 005 |
##20120224 |
| 040 |
# |
# |
|a DLU
|b vie
|
| 041 |
# |
# |
|a vie
|
| 044 |
# |
# |
|a vn
|
| 100 |
# |
# |
|a Dương Bá Phượng,
|c TS.
|
| 245 |
# |
# |
|a Một số ý kiến đánh giá hiệu quả trong khoa học xã hội /
|c Dương Bá Phượng.
|
| 653 |
# |
# |
|a Khoa học xã hội
|
| 653 |
# |
# |
|a Nghiên cứu khoa học xã hội
|
| 653 |
# |
# |
|a Tính đặc thù
|
| 773 |
# |
# |
|t Khoa học xã hội Việt Nam
|g Số 2(39), 2010, tr. 3-10
|
| 920 |
# |
# |
|a Phòng Tạp chí -- Trung tâm Thông tin - Thư viện Trường Đại học Đà Lạt
|
| 994 |
# |
# |
|a DLU
|
| 900 |
# |
# |
|a True
|
| 911 |
# |
# |
|a Nguyễn Thị Linh Chi
|
| 925 |
# |
# |
|a G
|
| 926 |
# |
# |
|a A
|
| 927 |
# |
# |
|a BB
|
| 980 |
# |
# |
|a Thư viện Trường Đại học Đà Lạt
|